| 000 | 01353nam a2200241Ia 4500 | ||
|---|---|---|---|
| 003 | OSt | ||
| 005 | 20210412155010.0 | ||
| 008 | 210310s2013 ck a gr 000 0 spa d | ||
| 020 | _a9789586488693 | ||
| 040 |
_aCO-JMCR _cCO-JMCR |
||
| 041 | 0 | _aspa | |
| 082 | 0 | 4 |
_a658.8 / _bH868p _223 |
| 100 | 1 |
_aHoyos Ballesteros, Ricardo, _eautor _936735 |
|
| 245 | 0 |
_aPlan de marketing: _bdiseño, implementación y control / _cRicardo Hoyos Ballesteros |
|
| 250 | _aPrimera edición | ||
| 260 |
_aBogotá : _bEco ediciones : Universidad Sergio Arboleda, _c2013. |
||
| 300 |
_b203 páginas : _c23 cm. |
||
| 505 | 0 | _aGeneralidades del plan de marketing. -- El papel del marketing en las empresas: misión, objetivos y funciones. -- Modelo integral de gestión de Marketing CASAR. -- La planeación estratégica de marketing. -- Elementos de plan de marketing. -- Elaboración de pronósticos de ventas. -- Elaboración del desempeño del marketing. -- La auditoria del servicio al cliente atreves de la observación participante: "El cliente incognito" | |
| 520 | 0 | _aEl libro plan de marketing: implementación y control presenta, de manera practica y sencilla, la metodología mediante la cual una empresa puede desarrollar un plan de mercadeo exitoso. | |
| 650 | 1 | 4 |
_aPlanificación del mercado. _936736 |
| 650 | 1 | 4 |
_aMercadeo. _936737 |
| 942 |
_2ddc _cBK |
||
| 999 |
_c11481 _d11481 |
||